LEADER 01341nam a2200277 u 4500 001 000000111063 003 CaOOAMICUS 005 20090512145702.0 008 080407s2007 enk u000 u eng u 020 $z978-0-415-40185-2* 040 $aPUL$bita$dLDB 245 00$aInternational relations and security in the digital age /$cedited by Johan Eriksson and Giampiero Giacomello. 260 $aLondon :$bRoutledge,$cc2007. 300 $axx, 230 p. ;$c23 cm. 490 1 $aRoutledge advances in international relations and global politics ;$v52 504 $aBibliografia in nota. 650 4$aInformazione$xProtezione.$0(OLS)http://pul/subject/34293 700 1 $aGiacomello, Giampiero,$d1959-$0(OLS)http://pul/name/68136 700 1 $aEriksson, Johan,$d1967-$0(OLS)http://pul/name/68135 830 0$aRoutledge advances in international relations and global politics ;$v52.$0(OLS)http://pul/title/138332 850 $aPUL 852 $aPUL$W1$xSL Diritto e Scienze Sociali 3$y79$m327. 10 ERIJO 1$j127319$qDDC 21$B126026$CPULBib$Z2$F126026 $H106835 $82 941 1 $a9 996 $6020$z978-0-415-40185-2*$9(OLS)http://pul/number/137643 996 $6245$aInternational relations and security in the digital age$9(OLS)http://pul/title/139625 996 $6260$aLondon :$bRoutledge$9(OLS)http://pul/publisher/67032 LEADER 01905nam a2200397 a 4500 001 000000158987 003 CaOOAMICUS 005 20170221092034.0 008 170221s2000 vc u000 u ita r 020 $a88-209-2974-0* 032 $aLibriCat 040 $aPUL$bita 041 1 $aita$alat$hlat 082 04$a264 100 0 $aCarolus Borromaeus,$cs.,$d1538-1584.$0(OLS)http://pul/name/9070 245 10$aInstructionum fabricae et supellectilis ecclesiasticae Libri II Caroli Borromei /$cdirezione scientifica Stefano Della Torre, Massimo Marinelli ; traduzione e cura Massimo Marinelli ; con la collaborazione di Francesco Adorni. 260 $aCittą del Vaticano :$bLibreria editrice vaticana,$c2000. 300 $aXXII, 456 p. ;$c24 cm. 490 1 $aMonumenta studia instrumenta liturgica ;$v08 500 $aSulla cop.: 1577. 500 $aSul front.: Axios Group. 504 $aBibliografia in nota. 546 $aIntroduzione in italiano, testo latino con traduzione a fronte. 650 4$aLiturgia$xStoria$xFonti.$0(OLS)http://pul/subject/7884 700 1 $aDella Torre, Stefano.$0(OLS)http://pul/name/101513 700 1 $aMarinelli, Massimo.$0(OLS)http://pul/name/101578 700 1 $aAdorno, Francesco.$0(OLS)http://pul/name/7726 830 0$aMonumenta studia instrumenta liturgica ;$v08.$0(OLS)http://pul/title/67037 850 $aPUL 852 $aPUL$W1$xSL Religione 3$y85$m264 DALST 1$j182285$qDDC 21$B185482$CPULBib$Z2$F185482 $H128956 $81 941 1 $a9 996 $6020$a88-209-2974-0*$9(OLS)http://pul/number/162097 996 $6082$a264$9(OLS)http://pul/classification/492 996 $6245$aInstructionum fabricae et supellectilis ecclesiasticae Libri II Caroli Borromei$9(OLS)http://pul/title/198593 996 $6260$aCittą del Vaticano :$bLibreria editrice vaticana$9(OLS)http://pul/publisher/47920